Achieving Quality Health Services for All Through Better Water Sanitation and Hygiene : Lessons from Three African Countries.

Bibliographic Details
Format: eBook
Language:English
Published: Geneva : World Health Organization, 2020.
Edition:1st ed.
Subjects:
Online Access:Click to View
LEADER 02509nam a22003253i 4500
001 EBC31498667
003 MiAaPQ
005 20240729202206.0
006 m o d |
007 cr cnu||||||||
008 240729s2020 xx o ||||0 eng d
020 |a 9789240009493  |q (electronic bk.) 
035 |a (MiAaPQ)EBC31498667 
035 |a (Au-PeEL)EBL31498667 
040 |a MiAaPQ  |b eng  |e rda  |e pn  |c MiAaPQ  |d MiAaPQ 
245 1 0 |a Achieving Quality Health Services for All Through Better Water Sanitation and Hygiene :  |b Lessons from Three African Countries. 
250 |a 1st ed. 
264 1 |a Geneva :  |b World Health Organization,  |c 2020. 
264 4 |c Ã2020. 
300 |a 1 online resource (20 pages) 
336 |a text  |b txt  |2 rdacontent 
337 |a computer  |b c  |2 rdamedia 
338 |a online resource  |b cr  |2 rdacarrier 
505 0 |a Intro -- Contents -- Abbreviations -- Introduction -- The global need for improving the quality of health service delivery and water, sanitation and hygiene -- Country highlights -- The Health Sector Transformation in Quality (HSTQ) in Ethiopia -- Community engagement in Ghana -- "Home-grown solutions" and "imihigo" contracts in Rwanda -- Factors influencing improvements in quality of health service delivery through better WASH services -- Common themes from all countries -- High-level support and political commitment -- Local ownership and community engagement -- Using national and local media to connect and engage with communities -- Champions for WASH and Quality -- Institutionalizing leadership to sustain change -- Multiple mechanisms for encouraging behaviour change -- Monitoring WASH services to drive quality improvements -- Creating budget lines for WASH services -- Involving staff in the development of facility mission statements and values -- Cross-sector coordination and communication -- Conclusion -- References -- Further reading -- Acknowledgements. 
588 |a Description based on publisher supplied metadata and other sources. 
590 |a Electronic reproduction. Ann Arbor, Michigan : ProQuest Ebook Central, 2024. Available via World Wide Web. Access may be limited to ProQuest Ebook Central affiliated libraries.  
655 4 |a Electronic books. 
776 0 8 |i Print version:  |t Achieving Quality Health Services for All Through Better Water Sanitation and Hygiene  |d Geneva : World Health Organization,c2020 
797 2 |a ProQuest (Firm) 
856 4 0 |u https://ebookcentral.proquest.com/lib/matrademy/detail.action?docID=31498667  |z Click to View